[Event "South Wales Autumn op"]
[Site "Cardiff"]
[Date "2022.10.15"]
[Round "2"]
[White "Bagga, Khushi"]
[Black "Horrell, Stephen A"]
[Result "0-1"]
[WhiteElo "1362"]
[BlackElo "1600"]
[PlyCount "68"]
[EventDate "2022.10.15"]
[EventType "swiss"]
[EventRounds "5"]
[EventCountry "WLS"]
[SourceTitle "EXT 2024"]
[Source "ChessBase"]
[SourceDate "2023.10.10"]
[SourceVersion "1"]
[SourceVersionDate "2023.10.10"]
[SourceQuality "1"]

1. e4 d5 2. exd5 Nf6 3. Bb5+ Bd7 4. Be2 Nxd5 5. d4 g6 6. c4 Nb6 7. Nf3 Bg7 8. Nc3 0-0 9. 0-0 Bf5 10. Bf4 a6 11. a4 c6 12. a5 N6d7 13. Nh4 e5 14. Nxf5 exf4 15. Nxg7 Kxg7 16. Qd2 Qc7 17. d5 cxd5 18. Nxd5 Qd6 19. Qc3+ Qe5 20. Qxe5+ Nxe5 21. Nxf4 Nbc6 22. Nd5 Nd4 23. Nc3 Nxe2+ 24. Nxe2 Nxc4 25. Nf4 Rac8 26. Nd3 Rfd8 27. Rfd1 Nxa5 28. g3 Nc4 29. Kg2 Nb6 30. Rab1 Rc2 31. Kf3 Nc4 32. Nb4 Rxd1 33. Rxd1 Rxb2 34. Nd5 Rd2 0-1

[Event "South Wales Autumn Premier"]
[Site "Newport"]
[Date "2019.11.16"]
[Round "2"]
[White "Horrell, Stephen A"]
[Black "Emblem, Mark"]
[Result "1-0"]
[WhiteElo "1575"]
[BlackElo "1442"]
[PlyCount "77"]
[EventDate "2019.11.15"]
[EventType "swiss"]
[EventRounds "5"]
[EventCountry "WLS"]
[SourceTitle "EXT 2022"]
[Source "ChessBase"]
[SourceDate "2021.10.06"]
[SourceVersion "1"]
[SourceVersionDate "2021.10.06"]
[SourceQuality "1"]

1. e4 e6 2. d4 d5 3. e5 Ne7 4. Nf3 Nf5 5. Be2 c5 6. c3 b6 7. 0-0 Be7 8. Na3 0-0 9. Nc2 Ba6 10. Ne3 Nxe3 11. Bxe3 Bxe2 12. Qxe2 c4 13. Nd2 b5 14. a3 a6 15. f4 Nd7 16. f5 exf5 17. Rxf5 f6 18. e6 Nb6 19. Qg4 Qe8 20. Rf3 Qg6 21. Qf4 Rac8 22. Rg3 Qe8 23. Qh6 g6 24. Rh3 Rf7 25. exf7+ Qxf7 26. Rf1 Bf8 27. Qf4 Nd7 28. Nf3 Qg7 29. Qg3 Qe7 30. Re1 Qf7 31. Bh6 Bxh6 32. Rxh6 Nf8 33. Qd6 Re8 34. Rh3 Rxe1+ 35. Nxe1 Qe8 36. Kf2 f5 37. Re3 Qc8 38. Re7 f4 39. Qf6 1-0

[Event "South Wales Autumn Premier"]
[Site "Newport"]
[Date "2018.11.18"]
[Round "5"]
[White "Lutchman Singh, Aishwarya"]
[Black "Horrell, Stephen A"]
[Result "0-1"]
[WhiteElo "1413"]
[BlackElo "1522"]
[PlyCount "84"]
[EventDate "2018.11.16"]
[EventType "swiss"]
[EventRounds "5"]
[EventCountry "WLS"]
[SourceTitle "EXT 2020"]
[Source "ChessBase"]
[SourceDate "2019.10.17"]
[SourceVersion "1"]
[SourceVersionDate "2019.10.17"]
[SourceQuality "1"]

1. d4 d5 2. Nf3 e6 3. Bf4 Bd6 4. Bg3 Bxg3 5. hxg3 Nf6 6. Nbd2 Nc6 7. e3 Qe7 8. c3 Bd7 9. Qb3 Na5 10. Qc2 h6 11. Ne5 c5 12. g4 cxd4 13. exd4 Nc6 14. g5 Ng8 15. g6 Nxe5 16. dxe5 0-0-0 17. Nf3 Qe8 18. gxf7 Qxf7 19. c4 Kb8 20. cxd5 exd5 21. Qc5 Qe7 22. Qd4 Rc8 23. Bd3 Qf7 24. Ng5 Qe7 25. f4 Nf6 26. Nf3 Rhf8 27. Kd2 Ne4+ 28. Bxe4 dxe4 29. Qxe4 Bf5 30. Qe3 Rfd8+ 31. Ke1 Rd3 32. Qe2 Qc5 33. g4 Re3 34. gxf5 Rxe2+ 35. Kxe2 Qc2+ 36. Ke3 Qxf5 37. Rac1 Rf8 38. Rc4 g5 39. Rxh6 gxf4+ 40. Kf2 Qd3 41. Rc3 Qb1 42. e6 Qxb2+ 0-1

[Event "South Wales Autumn Premier"]
[Site "Newport"]
[Date "2018.11.17"]
[Round "3"]
[White "Smith, George1111"]
[Black "Horrell, Stephen A"]
[Result "0-1"]
[WhiteElo "1496"]
[BlackElo "1522"]
[PlyCount "42"]
[EventDate "2018.11.16"]
[EventType "swiss"]
[EventRounds "5"]
[EventCountry "WLS"]
[SourceTitle "EXT 2020"]
[Source "ChessBase"]
[SourceDate "2019.10.17"]
[SourceVersion "1"]
[SourceVersionDate "2019.10.17"]
[SourceQuality "1"]

1. d4 d5 2. Nc3 e6 3. Nf3 Nf6 4. Bg5 Be7 5. Qd2 Nbd7 6. 0-0-0 a6 7. e3 b5 8. Ne5 Nxe5 9. dxe5 Nd7 10. Bxe7 Qxe7 11. f4 0-0 12. g4 Nb6 13. g5 Bb7 14. Rg1 b4 15. Nb1 Nc4 16. Bxc4 dxc4 17. c3 Bf3 18. Rdf1 Rfd8 19. Qf2 Be4 20. Qe1 Qd7 21. Rf2 Qd3 0-1

[Event "Coventry 4NCL op-B 16th"]
[Site "Coventry"]
[Date "2017.11.04"]
[Round "2"]
[White "Horrell, Stephen A"]
[Black "Royal, Shreyas"]
[Result "0-1"]
[WhiteElo "1568"]
[BlackElo "1724"]
[PlyCount "106"]
[EventDate "2017.11.03"]
[EventType "swiss"]
[EventRounds "5"]
[EventCountry "ENG"]
[SourceTitle "CBM 181 Extra"]
[Source "ChessBase"]
[SourceDate "2017.12.12"]
[SourceVersion "1"]
[SourceVersionDate "2017.12.12"]
[SourceQuality "1"]

1. e4 c5 2. Nc3 Nc6 3. f4 g6 4. Nf3 Bg7 5. Bb5 d6 6. Bxc6+ bxc6 7. 0-0 e6 8. d3 Ne7 9. Be3 0-0 10. e5 Nd5 11. Bd2 dxe5 12. Nxe5 Nxf4 13. Nxc6 Qc7 14. Bxf4 Qxc6 15. Qf3 Qxf3 16. Rxf3 Bb7 17. Rff1 Bd4+ 18. Kh1 Rfd8 19. Rae1 Bc6 20. Nd1 Rac8 21. b3 Rd7 22. Nf2 a5 23. a4 Bc3 24. Re2 e5 25. Bg3 Bd4 26. Ne4 Bxe4 27. Rxe4 f5 28. Re2 Ra8 29. Be1 e4 30. dxe4 Re7 31. Bh4 Rxe4 32. Rxe4 fxe4 33. Re1 Re8 34. Re2 Rf8 35. h3 e3 36. Kg1 c4 37. bxc4 Rc8 38. Be1 Rxc4 39. Bxa5 Rxa4 40. Bd8 Ra1+ 41. Kh2 Rf1 42. Bh4 Rf2 43. Rxf2 exf2 44. Bxf2 Bxf2 45. g4 Kf7 46. Kg2 Bc5 47. h4 Be7 48. Kh3 Ke6 49. c4 Ke5 50. Kg3 Kd4 51. g5 Kxc4 52. Kg4 Kd4 53. h5 Ke5 0-1

[Event "GBR-ch U1900 op 104th"]
[Site "Llandudno"]
[Date "2017.08.02"]
[Round "3"]
[White "Horrell, Stephen A"]
[Black "Woods, Timothy J"]
[Result "1-0"]
[WhiteElo "1504"]
[BlackElo "1662"]
[PlyCount "99"]
[EventDate "2017.07.31"]
[EventType "swiss"]
[EventRounds "5"]
[EventCountry "WLS"]
[SourceTitle "EXT 2019"]
[Source "ChessBase"]
[SourceDate "2018.10.10"]
[SourceVersion "1"]
[SourceVersionDate "2018.10.10"]
[SourceQuality "1"]

1. d4 d6 2. Nf3 g6 3. c3 Bg7 4. Bg5 Nf6 5. Nbd2 0-0 6. e3 Nbd7 7. Bd3 Re8 8. Qc2 c6 9. h4 Nf8 10. 0-0-0 Qa5 11. Kb1 b5 12. Bxf6 exf6 13. Ne4 Be6 14. a3 Qc7 15. Rdg1 a5 16. g4 Reb8 17. Nfd2 b4 18. a4 bxc3 19. Nxc3 Rb4 20. d5 Bd7 21. Nb5 Qb8 22. dxc6 f5 23. cxd7 Rxb2+ 24. Qxb2 Bxb2 25. Kxb2 fxg4 26. h5 Qd8 27. Kb3 Qxd7 28. hxg6 hxg6 29. Rc1 d5 30. Rc7 Qe6 31. Rhc1 g3 32. fxg3 Qxe3 33. Kc2 f5 34. Rf1 Qxg3 35. Rc3 Qg4 36. Rf3 Qxa4+ 37. Kc1 Rb8 38. Na3 Qg4 39. Bb5 Qd4 40. Rfd3 Qg1+ 41. Kc2 Rd8 42. Rc7 Qa1 43. Ndc4 Qa2+ 44. Kc3 Qa1+ 45. Kd2 Qa2+ 46. Nc2 Qb1 47. Nd4 Qg1 48. Nc6 Rd6 49. Ne7+ Kg7 50. Nxf5+ 1-0

[Event "GBR-ch U1900 op 104th"]
[Site "Llandudno"]
[Date "2017.07.31"]
[Round "1"]
[White "Whittington, Reece W"]
[Black "Horrell, Stephen A"]
[Result "1-0"]
[WhiteElo "1742"]
[BlackElo "1504"]
[PlyCount "43"]
[EventDate "2017.07.31"]
[EventType "swiss"]
[EventRounds "5"]
[EventCountry "WLS"]
[SourceTitle "EXT 2019"]
[Source "ChessBase"]
[SourceDate "2018.10.10"]
[SourceVersion "1"]
[SourceVersionDate "2018.10.10"]
[SourceQuality "1"]

1. d4 Nf6 2. c4 g6 3. f3 d5 4. cxd5 Nxd5 5. e4 Nf6 6. Be3 Bg7 7. Nc3 0-0 8. Bc4 c6 9. a4 Nbd7 10. Nge2 e5 11. Qb3 Qe7 12. 0-0 Nb6 13. dxe5 Nxc4 14. exf6 Bxf6 15. Qxc4 Be6 16. Qc5 Qc7 17. Bf4 Qc8 18. Kh1 b6 19. Qf2 Qa6 20. Nd4 Bc4 21. Rfc1 c5 22. Ndb5 1-0

[Event "Dyfed op"]
[Site "Fishguard"]
[Date "2017.02.26"]
[Round "4"]
[White "Bevan, Peter M"]
[Black "Horrell, Stephen A"]
[Result "1/2-1/2"]
[WhiteElo "1917"]
[BlackElo "1461"]
[PlyCount "118"]
[EventDate "2017.02.24"]
[EventType "swiss"]
[EventRounds "5"]
[EventCountry "WLS"]
[SourceTitle "EXT 2019"]
[Source "ChessBase"]
[SourceDate "2018.10.10"]
[SourceVersion "1"]
[SourceVersionDate "2018.10.10"]
[SourceQuality "1"]

1. c4 e5 2. g3 Nc6 3. Nc3 d6 4. Bg2 g6 5. d3 Bg7 6. Nf3 Nge7 7. 0-0 0-0 8. Rb1 f5 9. Ne1 Be6 10. Nd5 Qd7 11. b4 Nd8 12. b5 Nxd5 13. cxd5 Bf7 14. Nc2 c6 15. bxc6 bxc6 16. Nb4 cxd5 17. Nxd5 Rc8 18. Bg5 Kh8 19. Qd2 Ne6 20. Bf6 Nc7 21. Bxg7+ Kxg7 22. Rb7 Qd8 23. Qa5 Ne6 24. Qxd8 Rfxd8 25. Rxa7 Ra8 26. Rxa8 Rxa8 27. Nc3 Ra3 28. Nb5 Rxa2 29. Nxd6 Ra6 30. Nxf7 Kxf7 31. Bd5 Ke7 32. Rb1 Ra7 33. Rb6 Nf8 34. Rb7+ Rxb7 35. Bxb7 Kd6 36. Ba6 g5 37. e3 h6 38. Kg2 Ng6 39. Bb5 Ne7 40. h3 Ng6 41. Be8 Ne7 42. Kf3 Ke6 43. g4 f4 44. Ke2 Ng8 45. Kd2 Nf6 46. Bg6 Kd5 47. Kc3 Kd6 48. Bf7 Kc5 49. d4+ Kd6 50. Kd3 fxe3 51. fxe3 exd4 52. Kxd4 Nd7 53. Ke4 Ke7 54. Bc4 Kf6 55. Kd5 Ne5 56. Be2 Nf7 57. Bb5 Ne5 58. Be8 Nf3 59. e4 Ne5 1/2-1/2

[Event "Dyfed op 45th"]
[Site "Fishguard"]
[Date "2016.02.27"]
[Round "2"]
[White "Horrell, Stephen A"]
[Black "Buttell, David"]
[Result "0-1"]
[WhiteElo "1451"]
[BlackElo "1814"]
[PlyCount "68"]
[EventDate "2016.02.26"]
[EventType "swiss"]
[EventRounds "5"]
[EventCountry "WLS"]
[SourceTitle "EXT 2018"]
[Source "ChessBase"]
[SourceDate "2017.10.13"]
[SourceVersion "1"]
[SourceVersionDate "2017.10.13"]
[SourceQuality "1"]

1. e4 c5 2. Nc3 Nc6 3. g3 g6 4. Bg2 Bg7 5. d3 d6 6. Be3 e5 7. Qd2 Nge7 8. Bh6 0-0 9. h4 f6 10. Bxg7 Kxg7 11. Nge2 Rb8 12. f4 b5 13. Nd1 Qa5 14. Qxa5 Nxa5 15. 0-0 Bg4 16. Bf3 Bxf3 17. Rxf3 Nac6 18. Ne3 Nd4 19. Rf2 Nxe2+ 20. Rxe2 exf4 21. gxf4 f5 22. Ng2 Nc6 23. c3 b4 24. Rae1 bxc3 25. bxc3 Rf7 26. Kf2 fxe4 27. dxe4 Ne5 28. Kg3 Nd3 29. Rd1 c4 30. e5 dxe5 31. fxe5 Re7 32. e6 Rb6 33. Re4 Rbxe6 34. Rxc4 Nb2 0-1

[Event "Dyfed op 45th"]
[Site "Fishguard"]
[Date "2016.02.26"]
[Round "1"]
[White "May, Adam John"]
[Black "Horrell, Stephen A"]
[Result "1-0"]
[WhiteElo "1899"]
[BlackElo "1451"]
[PlyCount "87"]
[EventDate "2016.02.26"]
[EventType "swiss"]
[EventRounds "5"]
[EventCountry "WLS"]
[SourceTitle "EXT 2018"]
[Source "ChessBase"]
[SourceDate "2017.10.13"]
[SourceVersion "1"]
[SourceVersionDate "2017.10.13"]
[SourceQuality "1"]

1. c4 Nf6 2. g3 g6 3. Bg2 c5 4. Nc3 Nc6 5. Nf3 Bg7 6. d4 cxd4 7. Nxd4 Nxd4 8. Qxd4 0-0 9. 0-0 d6 10. Qd3 Qc7 11. Bd2 Be6 12. b3 a6 13. Rac1 Nd7 14. e4 Ne5 15. Qe2 Qd7 16. Nd5 Bxd5 17. exd5 f5 18. Rfe1 Rae8 19. h3 Nf7 20. f4 Nd8 21. Bc3 Rf7 22. b4 b6 23. Qe3 Qc7 24. Bd4 Bxd4 25. Qxd4 Nb7 26. a4 Rb8 27. Qd3 a5 28. c5 bxc5 29. b5 Rc8 30. Qc4 Qb6 31. Re2 Nd8 32. Rce1 Rc7 33. Kh2 Kf8 34. Bf3 Rf6 35. Kg2 Rf7 36. Re3 Kg8 37. g4 Rg7 38. R1e2 Kf8 39. Kh2 fxg4 40. Bxg4 Rf7 41. Qc3 Rf6 42. Rxe7 Rxe7 43. Qxf6+ Rf7 44. Qh8# 1-0

[Event "BCF-ch U160"]
[Site "Coventry"]
[Date "2015.08.07"]
[Round "5"]
[White "Foulds, Andrew"]
[Black "Horrell, Stephen A"]
[Result "1-0"]
[WhiteElo "146"]
[BlackElo "130"]
[PlyCount "159"]
[EventDate "2015.08.03"]
[EventType "swiss"]
[EventRounds "5"]
[EventCountry "ENG"]
[SourceTitle "CBM 167 Extra"]
[Source "ChessBase"]
[SourceDate "2015.09.14"]
[SourceVersion "1"]
[SourceVersionDate "2015.09.14"]
[SourceQuality "1"]

1. d4 Nf6 2. c4 g6 3. Nc3 d5 4. Nf3 Bg7 5. Qb3 e6 6. Bg5 c6 7. e3 0-0 8. Rc1 Qa5 9. Bf4 Nbd7 10. Bd6 dxc4 11. Bxc4 Re8 12. 0-0 b5 13. Bd3 Qd8 14. Rfd1 Nb6 15. Be5 Bd7 16. h3 a5 17. Ne4 a4 18. Qc2 Nxe4 19. Bxe4 Nd5 20. Bxg7 Kxg7 21. Ne5 Rc8 22. Qc5 Qe7 23. a3 f6 24. Qxe7+ Rxe7 25. Nd3 Nb6 26. Rc2 Nc4 27. Nc5 Be8 28. Bd3 Nb6 29. f4 e5 30. dxe5 fxe5 31. f5 Bf7 32. Rf2 gxf5 33. Bxf5 Rce8 34. e4 Bc4 35. Rd6 Na8 36. Rfd2 Rc7 37. Be6 Nb6 38. Rf2 Rf8 39. Bf5 Bg8 40. Be6 Nc4 41. Bxc4 Bxc4 42. Rxf8 Kxf8 43. Re6 Kf7 44. Rxe5 Kf6 45. Rf5+ Kg6 46. Kf2 Rf7 47. Rxf7 Kxf7 48. g3 Kf6 49. Kf3 Ke5 50. Nd7+ Kd6 51. Nf6 Be6 52. h4 h6 53. Kf4 c5 54. e5+ Ke7 55. Ne4 c4 56. Ke3 Bf5 57. Nc3 Bd7 58. Kd4 Ke6 59. g4 Be8 60. Ne4 Bc6 61. Nc5+ Ke7 62. g5 hxg5 63. hxg5 Kf7 64. e6+ Kg6 65. Ke5 Be8 66. Ne4 Bc6 67. Nc5 Be8 68. Kd6 Kxg5 69. e7 Bh5 70. Kd7 Kf4 71. e8Q Bxe8+ 72. Kxe8 Ke3 73. Kd7 Kd4 74. Kc6 b4 75. Nxa4 b3 76. Kb5 Kd3 77. Nc3 Kd4 78. a4 Kd3 79. a5 Kc2 80. Kxc4 1-0

[Event "BCF-ch U160"]
[Site "Coventry"]
[Date "2015.08.06"]
[Round "4"]
[White "Horrell, Stephen A"]
[Black "Woods, Timothy J"]
[Result "0-1"]
[WhiteElo "130"]
[BlackElo "1719"]
[PlyCount "76"]
[EventDate "2015.08.03"]
[EventType "swiss"]
[EventRounds "5"]
[EventCountry "ENG"]
[SourceTitle "CBM 167 Extra"]
[Source "ChessBase"]
[SourceDate "2015.09.14"]
[SourceVersion "1"]
[SourceVersionDate "2015.09.14"]
[SourceQuality "1"]

1. e4 d6 2. Nc3 g6 3. g3 Bg7 4. Bg2 c5 5. d3 Nc6 6. Be3 Rb8 7. Qd2 b5 8. Rb1 b4 9. Nd1 Qa5 10. Ne2 e6 11. d4 c4 12. 0-0 Nge7 13. c3 Qxa2 14. Rc1 0-0 15. cxb4 Nxb4 16. Ndc3 Qb3 17. Nd1 Nd3 18. Rc3 Qb4 19. Nf4 Nxf4 20. Bxf4 Rd8 21. Ra3 Nc6 22. Be3 a5 23. d5 exd5 24. exd5 Ne5 25. Nc3 Qb7 26. Rfa1 Ra8 27. Bf1 Bg4 28. Ra4 Qc8 29. Rxa5 Rxa5 30. Rxa5 Qf5 31. Bg2 Nd3 32. Be4 Bxc3 33. Qxc3 Qxe4 34. Qf6 Re8 35. Ra7 Ne5 36. Qf4 Nf3+ 37. Kf1 Bh3+ 38. Ke2 Nd4+ 0-1

[Event "BCF-ch U160"]
[Site "Coventry"]
[Date "2015.08.05"]
[Round "3"]
[White "Pride, Stephen C"]
[Black "Horrell, Stephen A"]
[Result "1/2-1/2"]
[WhiteElo "1655"]
[BlackElo "130"]
[PlyCount "61"]
[EventDate "2015.08.03"]
[EventType "swiss"]
[EventRounds "5"]
[EventCountry "ENG"]
[SourceTitle "CBM 167 Extra"]
[Source "ChessBase"]
[SourceDate "2015.09.14"]
[SourceVersion "1"]
[SourceVersionDate "2015.09.14"]
[SourceQuality "1"]

1. d4 Nf6 2. Bg5 e6 3. e3 c6 4. Nd2 Be7 5. Bd3 Qa5 6. f4 Nd5 7. Bxe7 Nxe7 8. Ngf3 d6 9. 0-0 Nd7 10. Kh1 Nf6 11. Qe2 Bd7 12. c4 Qh5 13. Kg1 Nf5 14. Bxf5 exf5 15. e4 0-0 16. e5 Rfe8 17. Qd3 Ng4 18. h3 Re6 19. hxg4 fxg4 20. Ng5 Rh6 21. Qg3 d5 22. cxd5 cxd5 23. Rac1 Rc8 24. Rxc8+ Bxc8 25. Nb3 Rc6 26. Rc1 Rxc1+ 27. Nxc1 h6 28. Qc3 Bf5 29. Nxf7 Qxf7 30. Ne2 Be6 31. Qb4 1/2-1/2

[Event "BCF-ch U160"]
[Site "Coventry"]
[Date "2015.08.04"]
[Round "2"]
[White "Horrell, Stephen A"]
[Black "Wright, Jonathan"]
[Result "0-1"]
[WhiteElo "130"]
[BlackElo "1899"]
[PlyCount "62"]
[EventDate "2015.08.03"]
[EventType "swiss"]
[EventRounds "5"]
[EventCountry "ENG"]
[SourceTitle "CBM 167 Extra"]
[Source "ChessBase"]
[SourceDate "2015.09.14"]
[SourceVersion "1"]
[SourceVersionDate "2015.09.14"]
[SourceQuality "1"]

1. e4 c5 2. Nc3 e6 3. d3 d5 4. g3 d4 5. Nce2 Nc6 6. Bg2 e5 7. f4 f6 8. Nf3 Be7 9. 0-0 Be6 10. a3 Qd7 11. fxe5 Nxe5 12. Nf4 Bg4 13. Qe1 Nxf3+ 14. Bxf3 Bxf3 15. Rxf3 Bd6 16. b4 b6 17. bxc5 bxc5 18. Rb1 Ne7 19. Qa5 0-0 20. Bd2 Qg4 21. Rff1 g5 22. Ng2 h5 23. Qa6 Rad8 24. Qc4+ Kh8 25. Be1 h4 26. Bf2 Nc6 27. Qa6 Ne5 28. Ne1 h3 29. Rb7 Nf3+ 30. Kh1 Nxe1 31. Bxe1 Qe2 0-1